River Plate - Relato de gol Final Libertadores 2018 - Estadísticas

Estadísticas generales
  • Esta prueba ha sido intentada 310 veces
  • La puntuación promedio es 36 de 40
Estadísticas de respuestas
Relato % Correcto
gol
98%
gol
98%
gol
98%
el
96%
el
96%
el
96%
el
96%
el
96%
va,
96%
va,
96%
va
96%
va
96%
va
96%
y
94%
y
94%
y
94%
y
94%
y
94%
River,
93%
River....
93%
tercero,
93%
tercero,
93%
tercero,
93%
de
90%
de
90%
Martínez
90%
se
89%
se
89%
se
89%
se
89%
no,
85%
la
84%
Armani
83%
taco
83%
para
81%
personal
77%
hace
76%
viene
71%
ahí
69%
cierra...
66%
No se encontraron pruebas coincidentes
Distribución de puntuación
Porcentaje de gente con cada puntuación
Porcentaje por número respondido
Historial de tus puntuaciones
No has intentado esta prueba.